|
|
|
|
| LEADER |
00000cam a2200000 a 4500 |
| 001 |
vtls008460710 |
| 003 |
SK-MaSNL |
| 005 |
20260302004328.0 |
| 008 |
202510s1971 xr a crn 000 0 cze |
| 015 |
|
|
|a SNBA1971
|
| 040 |
|
|
|a SNK
|b slo
|c SNK
|e AACR2
|
| 041 |
0 |
|
|a cze
|
| 044 |
|
|
|a xr
|c CZ
|
| 072 |
|
7 |
|a 355/359
|x Vojenstvo. Obrana krajiny. Ozbrojené sily
|2 konspekt
|
| 080 |
|
|
|a 355.01(091)
|2 2001
|
| 080 |
|
|
|a (0.062)
|2 2011
|
| 100 |
1 |
|
|a Kratochvíl, Miloš Václav,
|d 1904-1988
|4 aut
|9 263344
|
| 245 |
1 |
0 |
|a Malé dějiny válek
|c autor: Miloš V. Kratochvíl ; ilustrační materiál zprac. Dagmar Bromová
|
| 250 |
|
|
|a 1. vyd.
|
| 260 |
|
|
|a Praha
|b Albatros
|c 1971
|
| 300 |
|
|
|a 231 s.
|b ilustrácie
|c 21 cm
|
| 366 |
|
|
|e 25000 výtl.
|
| 504 |
|
|
|a Obsahuje bibliografické odkazy
|
| 521 |
8 |
|
|a Pre čitateľov od 14 rokov
|
| 650 |
0 |
7 |
|a dejiny vojen
|2 SNKPH
|9 82933
|
| 650 |
0 |
7 |
|a History of wars
|2 SNKPHeng
|9 328827
|
| 655 |
|
7 |
|a populárno-náučné publikácie
|2 SNKPH
|9 70460
|
| 655 |
|
7 |
|a Popular works
|2 SNKPHeng
|9 90287
|
| 700 |
1 |
|
|a Bromová, Dagmar,
|d 1939-2008
|4 ill
|9 644186
|
| 852 |
|
|
|a Slovenská národná knižnica
|
| 954 |
|
|
|a odborná, vedecká literatúra cudzojazyčná (svetová)
|2 lita
|
| 958 |
|
|
|a OND
|
| 958 |
|
|
|a NB
|
| 999 |
|
|
|c 995484
|d 997414
|
| 952 |
|
|
|a SNK
|b SNK
|y VYP
|7 0
|p 17A0519903
|o snkID 56099 D1
|i snkKIP 8724/71
|0 0
|1 1
|4 0
|d 2006-09-19
|l 0
|r 2026-02-24 12:02:26
|w 2026-02-24
|